| 000 | 00342nam a2200133Ia 4500 | ||
|---|---|---|---|
| 008 | 191014s9999 xx 000 0 und d | ||
| 020 | _aLC 61-18180 | ||
| 082 |
_a530.12 _bFEY |
||
| 100 |
_aR.P.Feynman _920265 |
||
| 245 | 0 | _aTheory of Fundamental Processes | |
| 260 |
_aNew York _bW.A.Benjamin Inc. _c1962 |
||
| 300 | _aX,172 | ||
| 942 | _cBK | ||
| 999 |
_c530945 _d530945 |
||